[Event "January Lviv Tradition IM"]
[Site "Lviv UKR"]
[Date "2018.01.22"]
[Round "1.1"]
[White "Sevostianov, Pavel"]
[Black "Bets, Anatolij"]
[Result "1/2-1/2"]
[WhiteTitle "IM"]
[BlackTitle "IM"]
[WhiteElo "2266"]
[BlackElo "2266"]
[WhiteFideId "4156781"]
[BlackFideId "13900447"]
[EventDate "2018.01.22"]
[EventType "tourn"]

1. d4 Nf6 2. c4 g6 3. Nc3 Bg7 4. e4 d6 5. Nf3 O-O 6. Be2 e5 7. O-O Nc6 8. d5 Ne7
9. Ne1 Nd7 10. Be3 f5 11. f3 f4 12. Bf2 g5 13. Rc1 Ng6 14. Nb5 b6 15. b4 a6 16.
Nc3 Rf7 17. Nd3 h5 18. c5 Bf8 19. Na4 b5 20. Nc3 Nf6 21. a4 g4 22. axb5 axb5 23.
Qd2 h4 24. fxg4 h3 25. gxh3 Rh7 26. Kg2 Qd7 27. cxd6 cxd6 28. Qd1 Rh6 29. Bg1
Nh7 30. Nf2 Ng5 31. Kh1 Nxh3 32. g5 Rh4 33. Nxh3 Rxh3 34. Nxb5 f3 35. Bxf3 Qxb5
36. Rxc8 Rxc8 37. Bg4 Rcc3 38. Rf6 Nf4 39. Rxf4 exf4 40. Be6+ Kh7 41. Bf5+ 1/2-1/2

[Event "January Lviv Tradition IM"]
[Site "Lviv UKR"]
[Date "2018.01.22"]
[Round "1.2"]
[White "Kagramanianz, Vartan"]
[Black "Moliboga, V."]
[Result "1/2-1/2"]
[WhiteTitle "IM"]
[WhiteElo "2247"]
[BlackElo "2310"]
[WhiteFideId "13300202"]
[BlackFideId "4116631"]
[EventDate "2018.01.22"]
[EventType "tourn"]

1. d4 Nf6 2. c4 e6 3. a3 c5 4. e3 d5 5. Nf3 dxc4 6. Bxc4 a6 7. O-O b5 8. Be2 Bb7
9. dxc5 Bxc5 10. Qxd8+ Kxd8 11. a4 b4 12. b3 Nc6 13. Bb2 Na5 14. Nbd2 Ke7 15.
Rac1 Rhc8 16. Nc4 Nxc4 17. Bxc4 Ne4 18. Rfd1 f6 19. Kf1 a5 20. Nd2 Nxd2+ 21.
Rxd2 Rd8 22. Rxd8 Rxd8 23. Ke2 e5 24. Bd3 Kd6 25. Bc4 h5 26. f3 e4 27. Rd1+ Ke7
28. Rxd8 Kxd8 29. f4 1/2-1/2

[Event "January Lviv Tradition IM"]
[Site "Lviv UKR"]
[Date "2018.01.22"]
[Round "1.3"]
[White "Kyrychenko, Maryan"]
[Black "Bykovskiy, Oleg"]
[Result "1/2-1/2"]
[BlackTitle "FM"]
[WhiteElo "2254"]
[BlackElo "2197"]
[WhiteFideId "14137178"]
[BlackFideId "14129825"]
[EventDate "2018.01.22"]
[EventType "tourn"]

1. e4 c6 2. d4 d5 3. e5 c5 4. dxc5 e6 5. a3 Bxc5 6. b4 Bb6 7. Bb2 Ne7 8. c4 dxc4
9. Qxd8+ Bxd8 10. Bxc4 Bd7 11. Nf3 Bc6 12. Nbd2 Nd7 13. O-O Nb6 14. Bb3 Bd5 15.
Rac1 Bxb3 16. Nxb3 Na4 17. Ba1 Nd5 18. Nfd2 Be7 19. Ne4 Kd7 20. Na5 Rhb8 21.
Rfd1 h6 22. Nc4 b6 23. Ne3 Rc8 24. Nxd5 exd5 25. Rxd5+ Ke6 26. Rcd1 a5 27. Nd6
Rc2 28. f4 g6 29. h3 axb4 30. axb4 Nc3 31. Bxc3 Rxc3 32. Nb5 Rc4 33. R5d4 Rac8
34. Rxc4 Rxc4 35. Nd4+ Kd7 36. Ne2+ Ke8 37. b5 Rb4 38. Rd5 Bc5+ 39. Kh2 Rxb5 40.
Nc3 Rb4 41. g3 h5 42. Rd2 Rc4 43. Nd5 Rd4 44. Rxd4 Bxd4 45. Kg2 Kd7 46. Kf3 b5
47. Ke4 Bc5 48. g4 hxg4 49. hxg4 Kc6 50. f5 gxf5+ 51. gxf5 b4 52. e6 fxe6 1/2-1/2

[Event "January Lviv Tradition IM"]
[Site "Lviv UKR"]
[Date "2018.01.22"]
[Round "1.4"]
[White "Medvedyk, Volodymyr"]
[Black "Molchanov, Oleksii"]
[Result "0-1"]
[BlackTitle "FM"]
[WhiteElo "2116"]
[BlackElo "2329"]
[WhiteFideId "14137186"]
[BlackFideId "14119820"]
[EventDate "2018.01.22"]
[EventType "tourn"]

1. d4 Nf6 2. c4 e6 3. g3 c5 4. d5 exd5 5. cxd5 d6 6. Nc3 g6 7. Bg2 Bg7 8. Nf3
O-O 9. O-O a6 10. a4 Re8 11. Nd2 Nbd7 12. e4 Ne5 13. Qc2 Rb8 14. a5 b5 15. axb6
Qxb6 16. f4 Nd3 17. Nc4 Nb4 18. Qd1 Qc7 19. e5 dxe5 20. fxe5 Ng4 21. e6 Bd4+ 22.
Kh1 f5 23. Bf4 Qa7 24. Qa4 Re7 25. Bxb8 Qxb8 26. Rae1 Bb7 27. d6 Qa8 28. Ne4
Rxe6 29. Nb6 Nd3 30. Nf6+ Kh8 31. Bxb7 Qxb7+ 32. Nfd5 Nxe1 33. d7 Rd6 34. Rxe1
Rxd5 35. Re8+ Kg7 36. Re7+ Kh6 37. d8=Q Rd7+ 38. Qc6 Qxc6+ 39. Nd5 Qxd5+ 40. Re4
Qxe4# 0-1

[Event "January Lviv Tradition IM"]
[Site "Lviv UKR"]
[Date "2018.01.22"]
[Round "1.5"]
[White "Kryvoruchko, Vita"]
[Black "Mosesov, Danylo"]
[Result "1-0"]
[WhiteTitle "WGM"]
[BlackTitle "FM"]
[WhiteElo "2192"]
[BlackElo "2294"]
[WhiteFideId "14108917"]
[BlackFideId "14149494"]
[EventDate "2018.01.22"]
[EventType "tourn"]

1. d4 e6 2. c4 b6 3. Nc3 Bb7 4. e4 Bb4 5. Bd3 Ne7 6. Ne2 O-O 7. O-O d6 8. a3
Bxc3 9. Nxc3 e5 10. Be3 Nd7 11. f4 exf4 12. Rxf4 Ng6 13. Rf2 Qe7 14. Nd5 Bxd5
15. cxd5 f5 16. e5 f4 17. Bd2 a5 18. Qc2 dxe5 19. Re1 Qd6 20. b4 Rae8 21. bxa5
exd4 22. a6 Nc5 23. Rxe8 Rxe8 24. Bb5 Ra8 25. Bb4 Ne7 26. Bxc5 bxc5 27. Qe4 Nxd5
28. Rxf4 c6 29. Bc4 Kh8 30. Rf7 Nf6 31. Qf5 d3 32. Qxd3 Qe5 33. Qf1 Rd8 34. a7
h6 35. h3 Kh7 36. Bd3+ Kg8 37. Rb7 Kh8 38. Qf5 Qd4+ 39. Kh1 c4 40. Bc2 Qa1+ 41.
Rb1 Qxa3 42. Rb8 Qd6 43. Rc8 1-0

[Event "January Lviv Tradition IM"]
[Site "Lviv UKR"]
[Date "2018.01.23"]
[Round "2.1"]
[White "Bets, Anatolij"]
[Black "Mosesov, Danylo"]
[Result "1/2-1/2"]
[WhiteTitle "IM"]
[BlackTitle "FM"]
[WhiteElo "2266"]
[BlackElo "2294"]
[WhiteFideId "13900447"]
[BlackFideId "14149494"]
[EventDate "2018.01.22"]
[EventType "tourn"]

1. d4 e6 2. c4 b6 3. Nf3 Bb7 4. g3 Bb4+ 5. Bd2 Bxf3 6. exf3 Bxd2+ 7. Nxd2 Ne7 8.
Bg2 O-O 9. O-O d5 10. f4 Nd7 11. Rc1 Nf6 12. Nf3 Qd6 13. Ne5 Rad8 14. Qc2 c5 15.
cxd5 cxd4 16. Qd2 Nfxd5 17. Qxd4 Rc8 18. a3 Rfd8 19. Qa4 a5 20. h4 h6 21. Rfd1
Rc5 22. Rxc5 Qxc5 23. Qd4 Rc8 24. Qxc5 Rxc5 25. Rd2 Rc1+ 26. Kh2 g6 27. Bf3 Kg7
28. Kg2 Rc5 29. Nd3 Rc7 30. Ne5 b5 31. Be2 b4 32. a4 Rc1 33. Bb5 Nb6 34. Nd3 Rc7
35. Ne5 Rc1 36. Nd3 Rc7 37. Ne5 Rc1 1/2-1/2

[Event "January Lviv Tradition IM"]
[Site "Lviv UKR"]
[Date "2018.01.23"]
[Round "2.2"]
[White "Molchanov, Oleksii"]
[Black "Kryvoruchko, Vita"]
[Result "1-0"]
[WhiteTitle "FM"]
[BlackTitle "WGM"]
[WhiteElo "2329"]
[BlackElo "2192"]
[WhiteFideId "14119820"]
[BlackFideId "14108917"]
[EventDate "2018.01.22"]
[EventType "tourn"]

1. d4 Nf6 2. c4 e6 3. Nf3 d5 4. g3 dxc4 5. Bg2 a6 6. O-O Nc6 7. Na3 Bxa3 8. bxa3
Rb8 9. Qc2 b5 10. Rd1 O-O 11. e4 Bb7 12. e5 Nd7 13. Ng5 g6 14. d5 exd5 15. e6
Nde5 16. exf7+ Nxf7 17. Nxf7 Rxf7 18. Bb2 d4 19. Bxc6 Bxc6 20. Rxd4 Qf8 21. Rg4
Qc5 22. Re1 Qd5 23. Rxg6+ Kf8 24. Rxc6 Qxc6 25. Qc3 Rf6 26. Qxf6+ Qxf6 27. Bxf6
Kf7 28. Bc3 c5 29. Be5 Rd8 30. a4 b4 31. Re4 c3 32. Rc4 Rd2 33. Rxc5 Rxa2 34.
Bxc3 bxc3 35. Rxc3 Rxa4 36. Rc6 a5 37. Ra6 Ra1+ 38. Kg2 a4 39. h4 h5 40. Rh6 a3
41. Rxh5 Rb1 42. Ra5 Rb3 43. g4 Kg6 44. Ra6+ Kg7 45. f3 Rb2+ 46. Kg3 a2 47. g5
Rc2 48. h5 Rb2 49. Ra7+ Kg8 50. h6 Rb5 51. Kg4 Rb2 52. g6 Rg2+ 53. Kf5 Kf8 54.
h7 a1=Q 55. Rxa1 Rh2 56. Ra8+ 1-0

[Event "January Lviv Tradition IM"]
[Site "Lviv UKR"]
[Date "2018.01.23"]
[Round "2.3"]
[White "Bykovskiy, Oleg"]
[Black "Medvedyk, Volodymyr"]
[Result "1-0"]
[WhiteTitle "FM"]
[WhiteElo "2197"]
[BlackElo "2116"]
[WhiteFideId "14129825"]
[BlackFideId "14137186"]
[EventDate "2018.01.22"]
[EventType "tourn"]

1. e4 e5 2. Nc3 Nf6 3. g3 Bc5 4. Bg2 Nc6 5. d3 a6 6. Be3 Nd4 7. Nf3 d6 8. h3 O-O
9. Bxd4 exd4 10. Ne2 d5 11. exd5 Qxd5 12. O-O Qd6 13. Qd2 Re8 14. a3 Bd7 15. Nh4
Nd5 16. Rae1 Re7 17. g4 Rae8 18. Be4 g6 19. Qh6 Bc6 20. b4 Bb6 21. Ng3 Nf4 22.
Nf3 f6 23. Bxc6 bxc6 24. Ne4 Rxe4 25. dxe4 d3 26. e5 fxe5 27. Ng5 Re7 28. cxd3
Qxd3 29. Kh2 Qd5 30. Ne4 Qe6 31. Rd1 Bd4 32. Rfe1 Rf7 33. Qh4 Qb3 34. Qg3 Qxg3+
35. Kxg3 Nd5 36. Re2 Kg7 37. Rc1 Ne7 38. Nc5 Nd5 39. Ne6+ Kh6 40. Rxc6 Bb6 41.
Kh4 g5+ 42. Nxg5+ Kg7 43. Nxf7 Kxf7 44. Rxb6 Nxb6 45. Rxe5 Nc4 46. Rc5 Nxa3 47.
Rxc7+ Kg8 48. Kg5 Nb5 49. Rd7 Nc3 50. f3 a5 51. bxa5 h5 52. a6 1-0

[Event "January Lviv Tradition IM"]
[Site "Lviv UKR"]
[Date "2018.01.23"]
[Round "2.4"]
[White "Moliboga, V."]
[Black "Kyrychenko, Maryan"]
[Result "0-1"]
[WhiteElo "2310"]
[BlackElo "2254"]
[WhiteFideId "4116631"]
[BlackFideId "14137178"]
[EventDate "2018.01.22"]
[EventType "tourn"]

1. d4 Nf6 2. Bf4 d5 3. e3 Bf5 4. c4 e6 5. Nc3 c6 6. Qb3 Qb6 7. c5 Qxb3 8. axb3
Nbd7 9. h3 Ne4 10. b4 g5 11. Bh2 Bg7 12. f3 Nxc3 13. bxc3 O-O 14. Bd6 Rfc8 15.
Kd2 a6 16. Ne2 e5 17. Nc1 Re8 18. Nb3 Bf8 19. Bc7 Rac8 20. Bb6 Nxb6 21. cxb6
exd4 22. exd4 Bd6 23. Nc5 Bf4+ 24. Kd1 Re3 25. Kc1 Re2+ 26. Kd1 Rd2+ 0-1

[Event "January Lviv Tradition IM"]
[Site "Lviv UKR"]
[Date "2018.01.23"]
[Round "3.3"]
[White "Medvedyk, Volodymyr"]
[Black "Moliboga, V."]
[Result "1-0"]
[WhiteElo "2116"]
[BlackElo "2310"]
[WhiteFideId "14137186"]
[BlackFideId "4116631"]
[EventDate "2018.01.22"]
[EventType "tourn"]

1. e4 d6 2. d4 Nf6 3. Nc3 g6 4. f4 Bg7 5. Nf3 O-O 6. Bd3 Nbd7 7. O-O e5 8. fxe5
dxe5 9. d5 Ne8 10. Be3 Nd6 11. Qd2 a6 12. a4 Qe7 13. Rae1 b6 14. g4 Nf6 15. h3
h5 16. gxh5 Nxh5 17. Qg2 Nf4 18. Bxf4 exf4 19. h4 Bh6 20. h5 g5 21. Nd4 Kh8 22.
e5 Nc4 23. d6 cxd6 24. Bxc4 dxe5 25. Qxa8 Qc7 26. Qc6 Qe7 27. Qa8 1-0

[Event "January Lviv Tradition IM"]
[Site "Lviv UKR"]
[Date "2018.01.24"]
[Round "4.1"]
[White "Bets, Anatolij"]
[Black "Molchanov, Oleksii"]
[Result "0-1"]
[WhiteTitle "IM"]
[BlackTitle "FM"]
[WhiteElo "2266"]
[BlackElo "2329"]
[WhiteFideId "13900447"]
[BlackFideId "14119820"]
[EventDate "2018.01.22"]
[EventType "tourn"]

1. e4 e5 2. Nf3 Nc6 3. Bc4 Bc5 4. d3 Nf6 5. Bg5 h6 6. Bh4 d6 7. O-O g5 8. Bg3 h5
9. Nxg5 h4 10. Nxf7 Qe7 11. Nxh8 hxg3 12. Bf7+ Kd8 13. hxg3 Qf8 14. Ng6 Qxf7 15.
Nh4 Bg4 16. Qd2 Kd7 17. Nc3 a6 18. Nd1 Bxd1 19. Qxd1 Rg8 20. c3 Rxg3 21. d4 Rg4
22. Nf5 exd4 23. cxd4 Qg6 24. dxc5 Rxg2+ 25. Kh1 Rg4 26. Ng3 Nh5 27. Qf3 Nd4 0-1

[Event "January Lviv Tradition IM"]
[Site "Lviv UKR"]
[Date "2018.01.24"]
[Round "4.2"]
[White "Bykovskiy, Oleg"]
[Black "Mosesov, Danylo"]
[Result "1-0"]
[WhiteTitle "FM"]
[BlackTitle "FM"]
[WhiteElo "2197"]
[BlackElo "2294"]
[WhiteFideId "14129825"]
[BlackFideId "14149494"]
[EventDate "2018.01.22"]
[EventType "tourn"]

1. e4 c6 2. Nf3 d5 3. exd5 cxd5 4. Ne5 Nc6 5. Bb5 Bd7 6. Bxc6 bxc6 7. d4 Nf6 8.
O-O e6 9. c4 dxc4 10. Bg5 Be7 11. Nd2 O-O 12. Ndxc4 Nd5 13. Bxe7 Qxe7 14. Rc1
Rfc8 15. Na5 Be8 16. Rc5 Rc7 17. Qd2 Rac8 18. Rfc1 Qd6 19. b4 h6 20. a3 Ne7 21.
Nec4 Qd8 22. Qf4 Nf5 23. Rd1 Rd7 24. Nb3 Rd5 25. Ne3 Nxe3 26. fxe3 e5 27. Qe4
exd4 28. Rxd4 Rxd4 29. Nxd4 Qd6 30. Qf4 Qg6 31. b5 Bd7 32. Kf2 cxb5 33. Rxc8+
Bxc8 34. Qb8 Qf6+ 35. Ke1 Qa6 36. Nxb5 Kh7 37. Nd4 Bd7 38. Qc7 Qa4 39. Kd2 Kg6
40. Qd6+ f6 41. Qd5 Bc8 42. Qc5 Qd7 43. a4 a6 44. Qc2+ Kf7 45. Qc4+ Kg6 46. Kc3
Bb7 47. g3 Qe7 48. Ne6 Kh7 49. Qd3+ g6 50. Qc4 Kh8 51. Kd2 Qd7+ 52. Nd4 Kg7 53.
Qe6 Qc7 54. Qxa6 Qe7 55. Qc4 Kh7 56. a5 h5 57. a6 Bh1 58. Ne6 Kh6 59. Qf4+ g5
60. Qc4 Qa3 61. Nd4 Be4 62. Nc2 Qa5+ 63. Kc1 Bd5 64. Qd3 Bf7 65. Qa3 Qc7 66. Kd2
Qd7+ 67. Nd4 Qh3 68. a7 Bd5 69. Qf8+ Kg6 70. a8=Q Bxa8 71. Qg8+ Kh6 72. Qxa8
Qg2+ 73. Qxg2 1-0

[Event "January Lviv Tradition IM"]
[Site "Lviv UKR"]
[Date "2018.01.24"]
[Round "4.3"]
[White "Moliboga, V."]
[Black "Kryvoruchko, Vita"]
[Result "1-0"]
[BlackTitle "WGM"]
[WhiteElo "2310"]
[BlackElo "2192"]
[WhiteFideId "4116631"]
[BlackFideId "14108917"]
[EventDate "2018.01.22"]
[EventType "tourn"]

1. d4 Nf6 2. Bf4 d5 3. e3 e6 4. Nf3 c5 5. c3 Qb6 6. Qb3 c4 7. Qc2 Nh5 8. Be5 Nc6
9. b3 cxb3 10. axb3 Bd7 11. Nbd2 Rc8 12. Qb2 f6 13. Bg3 Nxg3 14. hxg3 Bd6 15. e4
Na5 16. b4 Nc6 17. Be2 O-O 18. O-O a6 19. Rfb1 Bb8 20. Qb3 Rce8 21. Bd3 Ne7 22.
c4 dxc4 23. Nxc4 Qa7 24. Ne3 Kh8 25. b5 e5 26. bxa6 bxa6 27. Rxa6 Qc7 28. dxe5
fxe5 29. Rb6 h6 30. Rb7 Qc8 31. Ba6 Qc6 32. Bc4 Bc7 33. Bd5 Qc5 34. Qc4 Qxc4 35.
Nxc4 Nxd5 36. exd5 Bf5 37. Re1 e4 38. Rxc7 exf3 39. Rxe8 Rxe8 40. gxf3 Re1+ 41.
Kg2 Rc1 42. d6 Be6 43. Ne3 Rxc7 44. dxc7 Kg8 45. Nc4 Kf8 46. Nb6 Ke7 47. c8=Q 1-0

[Event "January Lviv Tradition IM"]
[Site "Lviv UKR"]
[Date "2018.01.24"]
[Round "4.4"]
[White "Sevostianov, Pavel"]
[Black "Medvedyk, Volodymyr"]
[Result "1-0"]
[WhiteTitle "IM"]
[WhiteElo "2266"]
[BlackElo "2116"]
[WhiteFideId "4156781"]
[BlackFideId "14137186"]
[EventDate "2018.01.22"]
[EventType "tourn"]

1. d4 Nf6 2. c4 e6 3. Nc3 d5 4. cxd5 exd5 5. Bf4 Bd6 6. Bg3 Bf5 7. e3 O-O 8. Bd3
Bxd3 9. Qxd3 Re8 10. Nge2 Ne4 11. Nxe4 dxe4 12. Qb3 Bxg3 13. fxg3 Nd7 14. O-O
Nf6 15. Nc3 Re6 16. Rf4 c5 17. dxc5 Qd3 18. Re1 b6 19. Nb5 Qxb3 20. axb3 Re5 21.
Nc3 bxc5 22. Ra1 Re7 23. g4 h6 24. h4 Re5 25. Kf2 Rb8 26. Rxa7 Rxb3 27. Ra2 Rb4
28. Kg3 Kh7 29. Rf5 Rxf5 30. gxf5 g5 31. fxg6+ fxg6 32. Kf4 Kg7 33. g4 Kf7 34.
Ra7+ Kf8 35. Ra6 Ng8 36. Rxg6 Rxb2 37. Nxe4 c4 38. Rc6 Rb4 39. Rc8+ Kg7 40. Rc7+
Kf8 41. Nc3 Nf6 42. Rc6 Ng8 43. Nd5 Ra4 44. e4 Kf7 45. Ke5 Kg7 46. Rc7+ Kf8 47.
Kf5 Ra5 48. Kf4 Ra4 49. h5 Ke8 50. Ke5 Kf8 51. Kf5 Ke8 52. e5 Ra5 53. Nf6+ Kd8
54. Rxc4 Ne7+ 55. Ke6 Nc6 56. Rxc6 Rc5 57. Rd6+ Kc8 58. Ng8 Rc7 59. Ne7+ Kb8 60.
Rd8+ Ka7 61. Rd7 1-0

[Event "January Lviv Tradition IM"]
[Site "Lviv UKR"]
[Date "2018.01.24"]
[Round "4.5"]
[White "Kagramanianz, Vartan"]
[Black "Kyrychenko, Maryan"]
[Result "1/2-1/2"]
[WhiteTitle "IM"]
[WhiteElo "2247"]
[BlackElo "2254"]
[WhiteFideId "13300202"]
[BlackFideId "14137178"]
[EventDate "2018.01.22"]
[EventType "tourn"]

1. d4 d5 2. Nf3 Nf6 3. c3 Bf5 4. Bf4 e6 5. e3 c5 6. Bxb8 Qxb8 7. Bb5+ Kd8 8. Ne5
Qc7 9. Bd3 Bxd3 10. Qxd3 Bd6 11. f4 Ne4 12. Nd2 Nxd2 13. Qxd2 f5 14. O-O Bxe5
15. fxe5 c4 16. b3 Rc8 17. b4 Qe7 18. Qe2 h5 19. a4 Kc7 20. a5 g5 21. a6 b6 22.
Rf2 Rcf8 23. Raf1 h4 24. Qd2 Rd8 25. Qe2 Rdf8 26. Qd2 Rd8 27. Qe2 Rdf8 28. Qd2 1/2-1/2

[Event "January Lviv Tradition IM"]
[Site "Lviv UKR"]
[Date "2018.01.24"]
[Round "5.1"]
[White "Kyrychenko, Maryan"]
[Black "Bets, Anatolij"]
[Result "1-0"]
[BlackTitle "IM"]
[WhiteElo "2254"]
[BlackElo "2266"]
[WhiteFideId "14137178"]
[BlackFideId "13900447"]
[EventDate "2018.01.22"]
[EventType "tourn"]

1. e4 c6 2. d4 d5 3. e5 Bf5 4. Nf3 e6 5. Be2 Nd7 6. O-O Ne7 7. Nbd2 h6 8. Nb3 g5
9. Ne1 Bg7 10. f4 gxf4 11. Bxf4 Qb6 12. a4 a5 13. Kh1 O-O 14. Qd2 Kh7 15. Bd3 c5
16. dxc5 Nxc5 17. Nxc5 Qxc5 18. Nf3 Rac8 19. c3 Bxd3 20. Qxd3+ Ng6 21. Be3 Qc4
22. Qxc4 dxc4 23. Bb6 Bxe5 24. Bxa5 Bd6 25. Bb6 Bc5 26. Bxc5 Rxc5 27. Rad1 Rc7
28. Nd4 Ra8 29. Nb5 Re7 30. Nd6 Kg7 31. Nxc4 Rxa4 32. Nd6 Ra2 33. Rd2 b6 34. h3
f5 35. Re2 Ra8 36. b4 Rd8 37. Rd1 Kf8 38. c4 h5 39. c5 bxc5 40. bxc5 h4 41. Rf1
Kg7 42. Rd1 Kf8 43. Rde1 Nf4 44. Re3 Rg7 45. Rf3 Nxg2 46. Re2 Rdd7 47. Rxg2 Rxg2
48. Kxg2 Rc7 49. Rc3 Ke7 50. Kf3 Rc6 51. Ke3 Kf6 52. Kd4 f4 53. Ke4 Kg5 54. Nf7+
Kf6 55. Ne5 1-0

[Event "January Lviv Tradition IM"]
[Site "Lviv UKR"]
[Date "2018.01.24"]
[Round "5.2"]
[White "Medvedyk, Volodymyr"]
[Black "Kagramanianz, Vartan"]
[Result "0-1"]
[BlackTitle "IM"]
[WhiteElo "2116"]
[BlackElo "2247"]
[WhiteFideId "14137186"]
[BlackFideId "13300202"]
[EventDate "2018.01.22"]
[EventType "tourn"]

1. c4 c6 2. g3 d5 3. Nf3 Nf6 4. Bg2 Bf5 5. cxd5 cxd5 6. Qb3 Bc8 7. O-O Nc6 8. d4
e6 9. Nc3 Be7 10. Bf4 O-O 11. Rac1 Na5 12. Qc2 Bd7 13. Nd2 Rc8 14. Qd3 Qb6 15.
b3 Ba3 16. Rb1 Nc6 17. Nf3 Nb4 18. Qe3 Qa5 19. Qd2 Nc6 20. Na4 Bb4 21. Qb2 b5
22. a3 Be7 23. Nc5 Nxd4 24. Nxd4 Bxc5 25. b4 Bxd4 26. Qxd4 Qb6 27. Qxb6 axb6 28.
Be3 Rc6 29. Rfc1 Rfc8 30. Rxc6 Rxc6 31. Bd4 Be8 32. e3 Ne4 33. Bxe4 dxe4 34. f4
exf3 35. Kf2 f6 36. Kxf3 e5 37. Bb2 Rc2 38. h3 Kf7 39. e4 h5 40. Bc1 Bc6 41. g4
Rc4 42. Ra1 Rxe4 43. Kg3 hxg4 44. hxg4 Re1 45. Bb2 Re2 46. Rc1 Bd5 47. Rc7+ Kg6
48. Bc1 Rg2+ 49. Kh3 Rg1 50. Be3 Ra1 51. Rc3 Rb1 52. Bxb6 Rb3 53. Rxb3 Bxb3 54.
Kg3 Kf7 55. Kf2 g6 56. Bc7 Ke6 57. Bb6 Bd1 58. Kg3 Kd5 59. Bd8 f5 60. gxf5 gxf5
61. Bc7 Ke4 62. Bb8 f4+ 63. Kf2 Kf5 64. Ke1 Bb3 65. Kf2 e4 66. Ba7 e3+ 67. Kf3
Bd1+ 68. Kg2 Ke4 69. Kf1 Bb3 70. Bb8 f3 71. Bg3 Bc4+ 72. Ke1 f2+ 73. Bxf2 exf2+
74. Kxf2 Kd3 75. Kf3 Kc3 76. Ke3 Kb3 77. Kd4 Kxa3 78. Kc3 Bb3 0-1

[Event "January Lviv Tradition IM"]
[Site "Lviv UKR"]
[Date "2018.01.24"]
[Round "5.3"]
[White "Mosesov, Danylo"]
[Black "Moliboga, V."]
[Result "1/2-1/2"]
[WhiteTitle "FM"]
[WhiteElo "2294"]
[BlackElo "2310"]
[WhiteFideId "14149494"]
[BlackFideId "4116631"]
[EventDate "2018.01.22"]
[EventType "tourn"]

1. c4 e5 2. g3 Nc6 3. Bg2 f5 4. Nc3 Nf6 5. d3 Bc5 6. e3 O-O 7. Nge2 d6 8. O-O a6
9. a3 Ba7 10. b4 f4 11. gxf4 Bg4 12. b5 axb5 13. cxb5 Ne7 14. fxe5 dxe5 15. f3
Be6 16. d4 exd4 17. Nxd4 Bc4 18. Re1 Qe8 19. Bb2 Ng6 20. f4 Nh4 21. Qc2 Kh8 22.
Rad1 Qh5 23. h3 Rad8 24. Qf2 Bxd4 25. Rxd4 Rxd4 26. exd4 Nxg2 27. Qxg2 Qf7 28.
Qg5 h6 29. Qf5 b6 30. a4 Nh5 31. Qxf7 Rxf7 32. f5 Nf4 33. Ba3 Nxh3+ 34. Kh2 Ng5
35. Re7 Nf3+ 36. Kh3 Nxd4 37. Rxf7 Bxf7 38. Be7 Nxf5 39. Bd8 Nd6 40. Bxc7 Nc4
41. Ne4 Kh7 42. Nd6 Nxd6 43. Bxd6 Bb3 44. Bc7 Bxa4 45. Bxb6 Bxb5 46. Kg3 g5 47.
Bf2 Kg6 48. Be1 Kf5 49. Bd2 Bd7 50. Be3 h5 51. Bd2 Be6 52. Be3 h4+ 53. Kh2 Bd5
54. Bd2 Kg4 55. Be3 Bc6 56. Bd2 Kh5 57. Be3 g4 58. Bf2 Kg5 59. Be1 g3+ 60. Bxg3
hxg3+ 1/2-1/2

[Event "January Lviv Tradition IM"]
[Site "Lviv UKR"]
[Date "2018.01.24"]
[Round "5.4"]
[White "Kryvoruchko, Vita"]
[Black "Sevostianov, Pavel"]
[Result "0-1"]
[WhiteTitle "WGM"]
[BlackTitle "IM"]
[WhiteElo "2192"]
[BlackElo "2266"]
[WhiteFideId "14108917"]
[BlackFideId "4156781"]
[EventDate "2018.01.22"]
[EventType "tourn"]

1. e4 e6 2. d4 d5 3. Nd2 c5 4. exd5 Qxd5 5. Ngf3 cxd4 6. Bc4 Qd6 7. Qe2 Nf6 8.
Nb3 Be7 9. Bg5 Nc6 10. O-O-O O-O 11. Nbxd4 Nxd4 12. Rxd4 Qc5 13. Rhd1 b5 14.
Bxb5 Bb7 15. Be3 Bxf3 16. gxf3 Qh5 17. f4 Qf5 18. Ra4 Nd5 19. Bc6 Nxe3 20. fxe3
Rab8 21. c3 Rfc8 22. Be4 Qc5 23. Rdd4 Qb6 24. Rd7 Bc5 25. Bxh7+ Kf8 26. Raxa7
Ke8 27. Rxf7 Qc6 28. Rad7 Ba3 29. Rxg7 Qxc3+ 30. Bc2 Qxb2+ 31. Kd1 Qc1# 0-1

[Event "January Lviv Tradition IM"]
[Site "Lviv UKR"]
[Date "2018.01.25"]
[Round "6.1"]
[White "Bets, Anatolij"]
[Black "Bykovskiy, Oleg"]
[Result "1-0"]
[WhiteTitle "IM"]
[BlackTitle "FM"]
[WhiteElo "2266"]
[BlackElo "2197"]
[WhiteFideId "13900447"]
[BlackFideId "14129825"]
[EventDate "2018.01.22"]
[EventType "tourn"]

1. d4 d6 2. Nf3 Nf6 3. c4 g6 4. Nc3 Bg7 5. e4 O-O 6. Be2 e5 7. O-O Nc6 8. d5 Ne7
9. Ne1 Nd7 10. Be3 f5 11. f3 f4 12. Bf2 g5 13. b4 Nf6 14. c5 Ng6 15. a4 a5 16.
cxd6 cxd6 17. bxa5 g4 18. Bb6 Qe7 19. Nb5 g3 20. Nc7 Nh5 21. h3 Qh4 22. Ne6 Rf7
23. Qb3 Bf6 24. Rc1 Ng7 25. Bb5 Be7 26. Nd3 Rf6 27. Rc7 Nxe6 28. dxe6 d5 29.
exd5 e4 30. Qc4 exf3 31. Rxf3 Rf8 32. d6 1-0

[Event "January Lviv Tradition IM"]
[Site "Lviv UKR"]
[Date "2018.01.25"]
[Round "6.2"]
[White "Moliboga, V."]
[Black "Molchanov, Oleksii"]
[Result "1/2-1/2"]
[BlackTitle "FM"]
[WhiteElo "2310"]
[BlackElo "2329"]
[WhiteFideId "4116631"]
[BlackFideId "14119820"]
[EventDate "2018.01.22"]
[EventType "tourn"]

1. d4 Nf6 2. Bf4 d5 3. e3 c5 4. c3 Nc6 5. Nd2 cxd4 6. exd4 a6 7. Bd3 Bg4 8. Ngf3
e6 9. Qe2 Bd6 10. Bg3 Bh5 11. O-O O-O 12. Rfe1 Bxg3 13. hxg3 Rc8 14. Qe3 Bg6 15.
Bxg6 hxg6 16. Ng5 Ng4 17. Qf4 Nh6 18. Ndf3 Qf6 19. Qh4 Qf5 20. Nh2 Rce8 21. Re2
f6 22. Nh3 g5 23. Qh5 Re7 24. Rae1 Rfe8 25. f3 b5 26. Nf1 Qh7 27. Nf2 b4 28. Qh3
Nf5 29. Qg4 Nh6 30. Qh3 Nf5 31. Qg4 Nh6 32. Qh3 1/2-1/2

[Event "January Lviv Tradition IM"]
[Site "Lviv UKR"]
[Date "2018.01.25"]
[Round "6.3"]
[White "Kagramanianz, Vartan"]
[Black "Kryvoruchko, Vita"]
[Result "1/2-1/2"]
[WhiteTitle "IM"]
[BlackTitle "WGM"]
[WhiteElo "2247"]
[BlackElo "2192"]
[WhiteFideId "13300202"]
[BlackFideId "14108917"]
[EventDate "2018.01.22"]
[EventType "tourn"]

1. d4 Nf6 2. Bf4 d5 3. e3 Bf5 4. Bd3 Bg6 5. Nf3 Nbd7 6. O-O e6 7. c4 Be7 8. Nc3
c6 9. h3 O-O 10. c5 Ne4 11. Bxe4 Bxe4 12. Nxe4 dxe4 13. Nd2 e5 14. Bxe5 Nxe5 15.
dxe5 Qd5 16. Qc2 Bxc5 17. Nxe4 Bb6 18. Ng5 g6 19. Nf3 Rad8 20. a4 Rfe8 21. Rad1
Qe6 22. Rxd8 Bxd8 23. Rd1 Bc7 24. Qc3 Bxe5 25. Nxe5 Qxe5 26. Rd7 Qxc3 27. bxc3
Re4 28. Rxb7 Rxa4 1/2-1/2